000 00585nam a2200181Ia 4500
008 090123s9999 xx 000 0 und d
082 _b944
100 _aभाजेकर आशा
245 _aउमलायला हवी होती कळी
250 _a1
260 _bकुलकर्णी अ.अ.
300 _a112
600 _aभाजेकर आशा
630 _aउमलायला हवी होती कळी
700 _aभाजेकर आशा
730 _aउमलायला हवी होती कळी
942 _cBOOK
999 _c39032
_d39032